00711nam a2200217 a 450000100060000000300080000600500170001400800410003103500190007204000400009104100080013108200240013910000230016324500350018626000390022130000300026049000710029050400290036165000300039083000730042057284BD-RjUL20211209080506.0161208s1963 nyua b 000 0 eng  a(BD-RjUL)57408 aDLCcODaWUdOCoLCdUkdBD-RjULbeng aeng a543.4223bREC 19631 aRechnitz, Garry A.10aControlled-potential analysis. aNew York :bPergamon Press;c1963. a85 p. :billus. ;c23 cm.1 aInternational series of monographs on analytical chemistry,vv. 13 aIncludes bibliographies. 0aElectrochemical analysis. 0aInternational series of monographs in analytical chemistry ;vv. 13.